000 00903nam a2200265Ia 4500
003 OSt
005 20220923225148.0
006 a|||||r|||| 00| 0
007 ta
008 220922b |||||||| |||| 00| 0 hin d
024 _a258,871
037 _cTextual
040 _aARTS
_cARTS
_bhin
041 _2hin
_ahin
082 _aO15:gx2,1:g, 152N4
100 _aभामह; शर्मा, रमण कुमार
_9168445
245 0 _aकाव्य अलंकार
246 _aKāvya alankāra
260 _aदिल्ली
_b विद्यानिधि प्रकाशन
_c1994
300 _a264पृ.
_ccm.
650 _a हिन्दी कविता
650 _aसंस्कृत साहित्य
942 _hO15:gx2,1:g, 152N4
_cTEXL
_2CC
999 _c376458
_d376458